Central Library OPAC University of Rajshahi

How to use the calculator and the comptometer / (Record no. 54761)

MARC details
000 -LEADER
fixed length control field 00643nam a2200229 a 4500
001 - CONTROL NUMBER
control field 54761
003 - CONTROL NUMBER IDENTIFIER
rucl marc code BD-RjUL
005 - DATE AND TIME OF LATEST TRANSACTION
control field 20211209080151.0
008 - FIXED-LENGTH DATA ELEMENTS--GENERAL INFORMATION
fixed length control field 161109s1959 uk a 000 0 eng
035 ## - SYSTEM CONTROL NUMBER
System control number (BD-RjUL)54883
040 ## - CATALOGING SOURCE
Original cataloging agency DLC
Transcribing agency OKN
Modifying agency EQO
-- BD-RjUL
Language of cataloging eng
041 ## - LANGUAGE CODE
Language code of text/sound track or separate title eng
082 ## - DEWEY DECIMAL CLASSIFICATION NUMBER
Classification number 651.264
Edition number 23
Author mark and year MEH 1959
100 1# - MAIN ENTRY--PERSONAL NAME
Personal name Meehan, James R.
9 (RLIN) 163265
245 10 - TITLE STATEMENT
Title How to use the calculator and the comptometer /
Statement of responsibility, etc. James R. Meehan
250 ## - EDITION STATEMENT
Edition statement 4th ed.
260 ## - PUBLICATION, DISTRIBUTION, ETC. (IMPRINT)
Place of publication, distribution, etc. New York :
Name of publisher, distributor, etc. McGraw-Hill,
Date of publication, distribution, etc. 1959.
300 ## - PHYSICAL DESCRIPTION
Pagination iv, 140 p. :
Illustrations ill ;
Size 28 cm.
650 #0 - SUBJECT ADDED ENTRY--TOPICAL TERM
Topical term or geographic name as entry element Calculators
9 (RLIN) 163266
Topical term or geographic name as entry element Comptometers
9 (RLIN) 163267
942 ## - ADDED ENTRY ELEMENTS (KOHA)
Source of classification or shelving scheme Dewey Decimal Classification
Koha item type Books
Holdings
Lost status Source of classification or shelving scheme Damaged status Not for loan Collection code Permanent Location Current Location Shelving location Date acquired Source of acquisition Cost, normal purchase price Total Checkouts Full call number Date last seen Copy number Koha item type
  Dewey Decimal Classification     Non-fiction Central Library, University of Rajshahi Central Library, University of Rajshahi   25/03/1963 Zeitlinger 15.00   651.264 MEH 1959 10/11/2016 C-2 Books
  Dewey Decimal Classification   Not For Loan Non-fiction Central Library, University of Rajshahi Central Library, University of Rajshahi Reading Room 25/03/1963 Zeitliner. 15.00   651.264 MEH 1959 22/03/2017 C-1 Books